50 plus grandes personnalités canadiennes - Statistiques

Statistiques générales
  • Ce quiz a été pris 25 fois
  • Le résultat moyen est 2 sur 50
Statistiques - réponses
Hint Réponse % Correct
27 Céline Dion
96%
3 Pierre Trudeau
60%
29 Jim Carrey
20%
34 Hal Anderson
8%
38 Mario Lemieux
8%
20 Mike Myers
8%
18 Shania Twain
8%
40 Avril Lavigne
4%
45 Jean Chrétien
4%
46 Leonard Cohen
4%
23 Maurice Richard
4%
32 Michael J. Fox
4%
14 Neil Young
4%
10 Wayne Gretzky
4%
9 Alexander Graham Bell
0%
24 Arthur Currie
0%
48 Billy Bishop
0%
19 Bobby Orr
0%
39 Bret Hart
0%
5 David Suzuki
0%
7 Don Cherry
0%
36 Ernie Coombs
0%
4 Frederick Banting
0%
33 Gordon Lightfoot
0%
22 Harold A. Rogers
0%
28 Isaac Brock
0%
12 Jean Vanier
0%
8 John A. Macdonald
0%
41 John Candy
0%
47 John George Diefenbaker
0%
35 Laura Secord
0%
6 Lester B. Pearson
0%
11 Louis Riel
0%
44 Mary Maxwell
0%
25 Nellie McClung
0%
26 Norman Bethune
0%
15 Peter Gzowski
0%
31 Pierre Berton
0%
30 Rick Hansen
0%
50 Rick Mercier
0%
16 Roméo Dallaire
0%
42 Sandford Fleming
0%
21 Soldat inconnu
0%
17 Stephen Lewis
0%
13 Stompin' Tom Connors
0%
37 Tecumseh
0%
2 Terry Fox
0%
1 Tommy Douglas
0%
43 Wilfrid Laurier
0%
49 William Lyon Mackenzie King
0%
Aucun quiz correspondant
Distribution des résultats
% des personnes avec chaque résultat
Percentile par nombre de réponses
Votre historique - résultats
Vous n’avez pas pris ce quiz